000 00747nam2a2200229 4500
001 rc\2885059
005 20110721140157.6
035 _a(NLR Aleph) 007037672
090 _a13586346
_c13586346
100 _a20110721d1928 |||y0rusy50 ca
101 0 _arus
102 _aRU
105 _ay z |||||
200 0 _aУрок 2
210 _d[1928]
461 0 _1001rc\2885057
_12000#$aБанкаброш$fНКП РСФСР. Главпрофобр. Бюро заочных курсов при Моск. текстильном инст-те. Хлопкопрядильный цикл$vУрок 2
700 1 _aИгумнов
_bВ. И.
801 0 _aRU
_bNLR
_gpsbo
801 1 _aRU
_bELAR
_2rusmarc
852 _aNLR
_j30.18/31
942 _cBOOK
980 _aNB